000
00288nam a2200109Ia 4500
008
220204s9999 xx 000 0 und d
082
_a
678.5(058)
_b
BHU
245
0
_a
All India Plastics directory, 1990
260
_a
Calcutta
_b
Indian Plastics
_c
1990
700
_a
Bhutoria, S C
942
_c
BK
999
_c
40007
_d
40007